|
|
|
|
| LEADER |
00000nab a2200000 a 4500 |
| 001 |
vtls008954200 |
| 003 |
SK-MaSNL |
| 005 |
20260426084441.0 |
| 008 |
250505c2006 xo |||||||||||000 b|slo |
| 015 |
|
|
|a SNBRB2007/03
|2 snkbucl
|
| 035 |
|
|
|a (uuid)abf6165f-3073-46d3-ab3a-8418b462870c
|
| 035 |
|
|
|a urn:nbn:sk:snk-abzk6
|
| 035 |
|
|
|a (urnnbn)urn:nbn:sk:snk:ar-a03tb8
|
| 038 |
|
|
|a SNKBUCL
|
| 040 |
|
|
|a SNKBUCL
|b slo
|c SNKBUCL
|e AACR2
|
| 041 |
0 |
|
|a slo
|
| 044 |
|
|
|a xo
|c SK
|
| 080 |
|
|
|a 639.1.081.32:061.237
|x (437.6)
|2 1997
|
| 080 |
|
|
|a 639.1:061.25
|x (437.6)
|2 1997
|
| 100 |
1 |
|
|a Engler, Ľubomír
|4 aut
|9 696353
|
| 245 |
1 |
0 |
|a Celoslovenské stretnutie sokoliarov
|c Ľubomír Engler
|
| 300 |
|
|
|b Fotogr.
|
| 610 |
2 |
7 |
|a Slovenský poľovnícky zväz.
|b Slovenský klub sokoliarov
|2 snkbucl
|9 848515
|
| 648 |
|
7 |
|a 2006
|2 snkbucl
|9 313148
|
| 650 |
0 |
7 |
|a sokoliarstvo
|2 snkbucl
|9 23365
|
| 650 |
0 |
7 |
|a podujatia
|2 snkbucl
|9 405652
|
| 651 |
|
7 |
|a Slovensko východné
|2 snkbucl
|9 161134
|
| 773 |
0 |
|
|t Slovenský veterinársky časopis = Slovak veterinary journal
|g Roč. XXXI, č. 5 (2006), s. 336
|x 1335-0099
|
| 850 |
|
|
|a Slovenská národná knižnica
|
| 852 |
|
|
|a Slovenská národná knižnica
|
| 954 |
|
|
|a odborná, vedecká literatúra pôvodná (slovenská)
|2 lita
|
| 958 |
|
|
|a article27
|
| 958 |
|
|
|a SK
|
| 958 |
|
|
|a OND
|
| 958 |
|
|
|a EUIPO
|
| 999 |
|
|
|c 2933845
|d 2935775
|